000 00534nam a2200169 a 4500
005 20140412111326.0
008 001108s19uu xx 00 eng d
020 _a981-209-837-2
050 _aTR(PS E
_bBu85Ca
245 _aBubbles is careless, 3 :
_b(ages 2-6 years old).
260 _aSingapore :
_bEarly Childhood Publications (Int.).
300 _a1 v. (unp.) ; ill.
440 _aBubbles First Storybooks, 3
650 _aCarelessness - - Juvenile Literature
650 _aBehavior - - Juvenile Literature
999 _c104677
_d104677